| 000 | 00799pam a2200265 a 4500 | ||
|---|---|---|---|
| 999 |
_c455 _d455 |
||
| 001 | 4851863 | ||
| 005 | 20190807141053.0 | ||
| 008 | 910703s1991 miu b 001 0 eng | ||
| 010 | _a 91024602 | ||
| 020 | _a0802805450 | ||
| 040 |
_aDLC _cDLC _dDLC |
||
| 100 | 1 | _aSohn, Seock-Tae. | |
| 245 | 1 | 4 |
_aThe divine election of Israel / _cby Seock-Tae Sohn. |
| 260 |
_aGrand Rapids, Mich. : _bW.B. Eerdmans, _cc1991. |
||
| 300 |
_axvi, 296 p. ; _c22 cm. |
||
| 336 | _atext | ||
| 337 | _aunmediated | ||
| 338 | _avolume | ||
| 500 | _aRevision of thesis (Ph. D.)--New York University, 1986. | ||
| 504 | _aIncludes bibliographical references and indexes. | ||
| 630 | 0 | 0 |
_aBible. _pO.T. _xTheology. |
| 650 | 0 |
_aJews _xElection, Doctrine of _xBiblical teaching. |
|
| 942 |
_2lcc _cBK |
||